Hỏi và đáp về văn hoá Việt Nam /

Αποθηκεύτηκε σε:
Λεπτομέρειες βιβλιογραφικής εγγραφής
Άλλοι συγγραφείς: Nguyễn Minh San, Phạm Vũ Dũng, Trần Lâm Biền
Μορφή: Sách giấy
Γλώσσα:Vietnamese
Ετικέτες: Προσθήκη ετικέτας
Δεν υπάρχουν, Καταχωρήστε ετικέτα πρώτοι!
Thư viện lưu trữ: Thư viện Trường Đại học Đà Lạt
LEADER 00630nam a2200253 4500
001 DLU020018566
005 ##9/27/2001
020 # # |a 978- 
041 # # |a vie 
082 # # |a 306.089 959 2  |b Hoi 
245 # # |a Hỏi và đáp về văn hoá Việt Nam /  |c Trần Lâm Biền, Nguyễn Minh San, Phạm Vũ Dũng 
300 # # |a 306 tr.;   |c 19 cm. 
700 # # |a Nguyễn Minh San 
700 # # |a Phạm Vũ Dũng 
700 # # |a Trần Lâm Biền 
992 # # |a 24000 
994 # # |a DLU 
900 # # |a False 
911 # # |a Administrator 
925 # # |a G 
926 # # |a A 
927 # # |a SH 
980 # # |a Thư viện Trường Đại học Đà Lạt